[Event "CCCSA Spring GM Invitational 2019"]
[Site "Charlotte"]
[Date "2019.03.22"]
[Round "4"]
[White "Yanayt, Eugene"]
[Black "Ezra Paul Chambers"]
[Result "1-0"]
[WhiteElo "2287"]
[BlackElo "2334"]
[Annotator "TA"]
[PlyCount "87"]
[EventDate "2019.03.20"]
[EventType "tourn"]
[EventCountry "USA"]
[SourceTitle "playchess.com"]
[Source "ChessBase"]
[SourceQuality "1"]

{[%evp 15,87,20,39,21,25,18,18,22,17,17,29,24,29,19,23,13,9,0,0,0,14,0,7,0,10,33,19,0,0,0,0,-36,21,16,18,30,26,43,108,98,104,109,108,104,101,81,81,72,77,77,183,177,180,183,177,177,177,177,182,170,225,225,219,228,306,288,366,359,363,343,361,340,345,324]} 1. Nf3 f5 2. g3 Nf6 3. Bg2 g6 4. O-O Bg7 5. d4 O-O 6. c4 d6 7. Nc3 c6 8. Rb1 a5 9. b3 {A88: Dutch Defence: Leningrad System: 5 Nf3 0-0 6 0-0 d6 7 Nc3 c6} Na6 10. Bb2 Qc7 11. d5 {The position is equal.} e5 12. dxe6 Bxe6 13. e3 $146 ({Predecessor:} 13. Ng5 Bd7 14. Qd2 Rad8 15. Rbd1 Bc8 16. Nh3 Nc5 17. Nf4 Ng4 {0-1 (31) Ftacnik,L (2552)-Navara,D (2737) Slovakia 2017}) 13... Rfe8 14. Qe2 Nc5 15. Rfd1 Rad8 16. Nd4 Bf7 17. Qc2 Nfe4 18. Nde2 g5 19. Nxe4 fxe4 20. Bxg7 Kxg7 21. Qc3+ Kg8 22. Qf6 Re5 23. Nc3 Bg6 (23... Be6 $1 $15) 24. Bh3 $1 $11 Qe7 25. Qxe7 Rxe7 26. Rd4 Nd3 {[#]} (26... Bh5 $14) 27. Rd1 $1 $16 Rf8 28. Rd2 Rf6 29. Bg2 Ref7 30. Nxe4 Bxe4 31. Bxe4 Nxf2 32. Bg2 Kf8 {[#]} (32... g4 $16 {might work better.}) 33. h3 $1 $18 ({Resist} 33. Rxd6 $6 Rxd6 34. Rxd6 Ng4 $16) 33... g4 34. hxg4 {Black must now prevent g5.} h6 35. Rf4 ({Don't do} 35. Rxd6 $6 Nxg4 36. Rxf6 Rxf6 $16) 35... Rxf4 36. exf4 Nxg4 37. Rxd6 {[%mdl 4096] Endgame KRB-KRN} Ke7 (37... Nf6 $142 38. Kf2 Ke7) 38. Rg6 h5 39. Rg5 Nf6 40. Rxa5 Kd6 41. Rf5 Ke6 42. Re5+ Kd6 43. Bh3 Rf8 44. Kg2 {Accuracy: White = 70%, Black = 62%.} 1-0

[Event "CCCSA Spring GM Invitational 2019"]
[Site "Charlotte"]
[Date "2019.03.22"]
[Round "4"]
[White "Mishra, Abhimanyu"]
[Black "Martin Del Campo C., Roberto"]
[Result "0-1"]
[WhiteElo "2232"]
[BlackElo "2298"]
[Annotator "TA"]
[PlyCount "72"]
[EventDate "2019.03.20"]
[EventType "tourn"]
[EventCountry "USA"]
[SourceTitle "playchess.com"]
[Source "ChessBase"]
[SourceQuality "1"]

{[%evp 24,72,44,45,47,47,39,62,75,41,62,75,111,25,51,60,49,60,101,-167,-153,-127,-127,-169,-169,-250,-206,-787,-778,-825,-818,-29993,-29992,-29992,-29992,-29995,-29990,-29985,-3014,-29990,-29991,-29993,-29990,-29991,-29991,-29993,-29993,-29993,-29994,-29994,-29995]} 1. e4 c5 2. Nf3 d6 3. d4 cxd4 4. Nxd4 Nf6 5. Nc3 Nc6 6. Bg5 e6 7. Qd2 a6 8. O-O-O Bd7 9. f4 b5 10. Bxf6 gxf6 11. Kb1 Qb6 12. Nxc6 Bxc6 13. f5 Qc5 {B67: Sicilian: Richter-Rauzer: 7...a6 8 0-0-0 Bd7, lines without 9 f4 Be7} (13... b4 14. Ne2 e5 15. Ng3 h5 16. Bc4 h4 17. Nf1 Bxe4 18. Qe2 Bxf5 19. Ne3 Be6 20. Qf3 Rc8 21. Bxe6 fxe6 22. Qxf6 {1-0 (38) Quesada Perez,Y (2612)-Motylev,A (2661) Saint Louis 2018}) 14. Bd3 b4 15. Ne2 e5 {White is slightly better.} 16. Ng3 a5 17. Nh5 Ke7 18. Rhe1 (18. g4 $1 $16) 18... Rg8 $11 19. Qe2 $1 a4 20. Bc4 Bh6 {[#]} 21. Nxf6 $2 {[%mdl 8192]} (21. h4 $1 $16 {stays on course.}) 21... Kxf6 $19 22. Qh5 {[#]} Kg7 $146 ({Predecessor:} 22... Qxc4 23. Qxh6+ Ke7 24. Qxd6+ Ke8 25. Qxe5+ Kf8 26. f6 Rxg2 27. Qe7+ {1-0 (27) Wemmers,X (2397)-Hommeles,T (2404) Belgium 2009}) 23. Bxf7 Rgf8 24. Rd3 (24. Be6 $142) 24... Qf2 ({And not} 24... Rxf7 25. Rg3+ Kh8 26. Qxf7 $11) 25. Rg3+ $2 (25. Red1 b3 26. axb3 axb3 27. Bxb3) 25... Kh8 26. Rh1 Bxe4 27. Bg6 a3 28. Qd1 Rac8 29. Rd3 Bxd3 30. Qxd3 hxg6 (30... Qxg2 $142 31. Re1 hxg6 32. Rd1 Rxf5 33. Re1 axb2 34. Kxb2 Rf2 35. Kb3 Rf3 36. Re2 Rxd3+ 37. cxd3 Qd5+ 38. Kb2 Qd4+ 39. Kb3 Qc3+ 40. Ka4 Rb8 41. h4 Qa3#) 31. fxg6 Qxg2 {Black mates.} 32. Rd1 axb2 33. Kxb2 Rc3 34. Qxd6 Rxc2+ 35. Kb3 Rc3+ 36. Ka4 Qa8+ {Accuracy: White = 32%, Black = 62%.} 0-1

[Event "CCCSA Spring GM Invitational 2019"]
[Site "Charlotte"]
[Date "2019.03.22"]
[Round "4"]
[White "Francisco, Richard"]
[Black "Adamson, Robby"]
[Result "1-0"]
[WhiteElo "2231"]
[BlackElo "2216"]
[Annotator "TA"]
[PlyCount "87"]
[EventDate "2019.03.20"]
[EventType "tourn"]
[EventCountry "USA"]
[SourceTitle "playchess.com"]
[Source "ChessBase"]
[SourceQuality "1"]

{[%evp 16,87,0,6,10,0,-5,10,6,3,8,22,68,53,88,93,86,93,79,82,116,133,170,41,44,49,73,81,70,60,151,154,154,156,338,141,254,241,241,248,306,259,229,220,276,281,432,437,410,413,401,386,545,544,539,536,532,525,524,517,536,535,544,530,684,680,893,891,29979,2090,29982,29983,3164,2510]} 1. e4 e5 2. Nf3 Nc6 3. d4 exd4 4. Nxd4 Nf6 5. Nxc6 bxc6 6. e5 Qe7 7. Qe2 Nd5 8. c4 Nb6 9. Nc3 Qe6 {C45: Scotch Game} 10. Bd2 Ba6 {[%cal Ra6c4]} 11. b3 O-O-O {The position is equal.} 12. f4 f6 13. Qf2 $146 ({Predecessor:} 13. Qe4 Bb7 14. O-O-O Re8 15. Re1 fxe5 16. fxe5 g6 17. a4 {0-1 (31) Abdulov,O (2388)-Lenic,L (2641) Minsk 2017}) 13... Bb7 14. a4 $1 {[%cal Ba2a4,Ba4a5,Ba5a6][%mdl 32]} Kb8 15. a5 Nc8 16. a6 Ba8 17. c5 fxe5 18. f5 $36 {[%mdl 2048] White is on the roll.} Qe7 19. Ne4 ({White has to play} 19. b4 $1 $18) 19... d5 $14 20. Bg5 Qd7 21. Bxd8 Qxd8 22. Ng3 Qe7 (22... Qh4 $14) 23. b4 $16 Qh4 24. Rb1 $1 Nd6 $2 (24... Nb6 $16 {keeps fighting.} 25. Bd3 (25. cxb6 Bxb4+ 26. Kd1 cxb6 $14) 25... Nd7) 25. Be2 (25. cxd6 $18 {and the rest is easy.} Bxd6 26. Bd3) 25... Nb5 {[#]} (25... Nc4 $16 {was called for.}) 26. O-O $1 $18 Be7 {[#]} 27. Nh5 $1 Nc3 28. Rb2 Qxf2+ 29. Rxf2 Bg5 30. Rf1 ({Weaker is} 30. Nxg7 Be3 $16) 30... e4 (30... Bh6 {was worth a try.} 31. f6 gxf6) 31. Nxg7 Bf6 32. Nh5 Bd4+ 33. Kh1 Nd1 (33... Kc8 $142 34. f6 Rf8 35. Bg4+ Kd8) 34. Bxd1 Bxb2 35. f6 Rf8 {intending ...Kc8.} 36. Bg4 Bb7 37. axb7 Kxb7 38. Be2 Bc3 39. g4 Bxb4 40. Ng7 Bxc5 41. Ne6 {[%mdl 64] Double Attack} Bd6 42. Nxf8 (42. Rb1+ $142 Ka8 43. Nxf8 Bxf8 44. Ba6 e3 45. g5 Bd6 46. Kg2 d4 47. h4) 42... Bxf8 43. Rb1+ Kc8 44. g5 {Accuracy: White = 72%, Black = 36%.} 1-0

[Event "CCCSA Spring GM Invitational 2019"]
[Site "Charlotte"]
[Date "2019.03.22"]
[Round "5"]
[White "Patel, Advait"]
[Black "Arribas Lopez, Angel"]
[Result "1-0"]
[WhiteElo "2470"]
[BlackElo "2443"]
[Annotator "TA"]
[PlyCount "71"]
[EventDate "2019.03.20"]
[EventType "tourn"]
[EventCountry "USA"]
[SourceTitle "playchess.com"]
[Source "ChessBase"]
[SourceQuality "1"]

{[%evp 19,71,64,72,57,61,58,75,21,43,54,48,18,34,-42,-35,-106,-98,-179,-165,-158,-65,-67,-63,-89,-22,-6,-2,-17,-18,-35,0,3,4,0,0,0,0,0,0,0,0,0,104,108,116,112,910,891,895,861,29993,29994,29994,29995]} 1. e4 c5 2. Nf3 d6 3. d4 cxd4 4. Nxd4 Nf6 5. Nc3 e6 6. g4 a6 7. g5 Nfd7 8. Be3 b5 9. a3 Bb7 10. h4 Nc6 11. Rh3 {B81: Sicilian Scheveningen: Keres Attack} (11. Nxc6 Bxc6 12. Qd4 Rb8 13. h5 Qb6 14. h6 Qxd4 15. Bxd4 Rg8 16. hxg7 Bxg7 17. O-O-O Ke7 18. Bxg7 Rxg7 {0-1 (51) Kobalia,M (2633)-Artemiev,V (2636) Loo 2014}) 11... Be7 12. f4 O-O 13. Qd2 $146 (13. Rg3 $16) ({Predecessor:} 13. f5 Nde5 14. fxe6 Nxd4 15. exf7+ Rxf7 16. Bxd4 Qd7 17. Bg2 Qe6 18. Rg3 d5 {0-1 (33) Thinius,M (2395)-Rotstein,A (2524) Seefeld 2004}) 13... Qa5 $11 14. Nb3 Qc7 15. h5 Nc5 16. g6 (16. Rg3 $14) 16... h6 $15 17. gxf7+ (17. O-O-O $15) 17... Rxf7 $17 18. Be2 (18. Nxc5 $17 dxc5 19. O-O-O) 18... Nxb3 19. cxb3 {[#]} Na5 (19... Rd8 $1 $17 20. Bg4 Bc8) 20. Qc2 $15 Bf6 21. Bg1 Qe7 (21... Nc6 $17 {Hoping for ...Bd4.} 22. Qd2 Raf8) 22. O-O-O $1 $11 Rc8 23. Bb6 Nc6 {And now ...b4 would win.} 24. b4 $1 Bxc3 25. Rxc3 Rxf4 26. Qd2 $36 {[%mdl 2048] White has good play.} Rxe4 {...Ne5 is the strong threat.} 27. Bf3 Rc4 $1 28. Rxc4 bxc4 29. Qxd6 Qg5+ $1 30. Rd2 c3 (30... Qf5 $11 {keeps the balance.} 31. Rf2 Nxb4 32. axb4 (32. Bxb7 $2 Nd3+ 33. Qxd3 cxd3+ $19) 32... Bxf3 33. Rxf3 Qxf3 34. Qxe6+ {[%mdl 64] Double Attack} Kh7 35. Qxc8 Qf1+ 36. Kd2 Qd3+ 37. Ke1 Qb1+ 38. Kf2 Qxb2+ 39. Kg1 Qc1+ 40. Kh2 Qd2+ 41. Kg1 Qg5+ 42. Kf1 Qc1+ 43. Kg2 Qg5+ 44. Kf1 Qc1+ 45. Kg2 Qg5+ 46. Kf1) 31. Qxe6+ $16 ({Of course not} 31. bxc3 $6 Qf6 $11) 31... Kh8 32. bxc3 {[#] Strongly threatening Be4.} Ne5 $2 {[%mdl 8192]} (32... Qg3 $16) 33. Bxb7 $18 Rxc3+ 34. Kb1 {Intending Qe8+ and mate.} Qxd2 35. Qe8+ Kh7 36. Be4+ {Accuracy: White = 47%, Black = 49%.} 1-0

[Event "CCCSA Spring GM Invitational 2019"]
[Site "Charlotte"]
[Date "2019.03.23"]
[Round "5"]
[White "Berczes, David"]
[Black "Ostrovskiy, Aleksandr"]
[Result "1-0"]
[WhiteElo "2461"]
[BlackElo "2453"]
[Annotator "TA"]
[PlyCount "61"]
[EventDate "2019.03.20"]
[EventType "tourn"]
[EventCountry "USA"]
[SourceTitle "playchess.com"]
[Source "ChessBase"]
[SourceQuality "1"]

{[%evp 11,61,25,25,12,12,8,20,21,17,21,12,10,22,22,51,60,58,32,37,17,116,115,108,76,199,77,99,16,18,0,0,0,0,0,0,0,8,19,13,17,43,41,354,345,350,334,306,304,304,304,304,292]} 1. d4 Nf6 2. c4 e6 3. Nf3 d5 4. g3 dxc4 5. Bg2 a6 6. O-O Nc6 7. Nbd2 {E04: Open Catalan: 5 Nf3} (7. e3 Bd7 8. Qe2 b5 9. b3 cxb3 10. axb3 Be7 11. Bd2 O-O 12. Rc1 Nb4 13. Ne5 Nfd5 14. Nc3 c6 15. Ne4 f6 16. Nxd7 Qxd7 17. Nc5 Bxc5 18. Rxc5 f5 19. Ra5 Qc7 20. Ra1 Qd7 21. Ra5 Qc7 22. Ra1 Qd7 {½-½ (22) So,W (2780)-Duda,J (2737) chess.com INT 2018}) 7... Nxd4 8. Nxc4 Nxf3+ 9. Bxf3 {The position is equal.} Qxd1 10. Rxd1 Be7 11. Na5 Nd5 12. e4 Bb4 13. exd5 $146 ({Predecessor:} 13. Nc4 Nb6 14. Nxb6 cxb6 {½-½ (50) Kovalenko,I (2646)-Kveinys,A (2491) Riga 2013}) 13... Bxa5 14. Bf4 f6 15. b4 Bxb4 (15... Bb6 $11 {keeps the balance.}) 16. Bxc7 $16 exd5 17. Bxd5 Bd7 (17... g5 $16) 18. a3 (18. Rd4 $18 Bc5 19. Re4+ Kf8 20. Rc1 (20. Bxb7 Re8 $16)) 18... Rc8 19. Rdc1 (19. Bf4 $16 Bc3 20. Ra2 (20. Bxb7 Bxa1 21. Bxc8 Bxc8 $11)) 19... Bc6 $1 $11 {[%cal Rc6d5]} 20. Bf4 Be7 21. Rab1 g5 22. Bxc6+ bxc6 23. Rb7 Bxa3 24. Re1+ Kf8 $1 25. Bd2 {Black must now prevent Re6.} Bd6 26. Re6 Rc7 $2 {[%mdl 8192] [#]} (26... Be5 $14) 27. Rxc7 $1 $18 (27. Rxf6+ Ke7 $16) 27... Bxc7 {White has a decisive advantage.} 28. Bb4+ ({Inferior is} 28. Rxc6 Be5 $11) ({Less strong is} 28. Rxf6+ Ke8 $16) 28... Kf7 29. Re7+ {[%mdl 64] Double Attack} Kg6 {aiming for ...Be5.} 30. Rxc7 Rb8 31. Bc5 {Accuracy: White = 58%, Black = 39%.} 1-0

[Event "CCCSA Spring GM Invitational 2019"]
[Site "Charlotte"]
[Date "2019.03.23"]
[Round "5"]
[White "Jacobson, Brandon"]
[Black "Ringoir, Tanguy"]
[Result "1-0"]
[WhiteElo "2455"]
[BlackElo "2510"]
[Annotator "TA"]
[PlyCount "75"]
[EventDate "2019.03.20"]
[EventType "tourn"]
[EventCountry "USA"]
[SourceTitle "playchess.com"]
[Source "ChessBase"]
[SourceQuality "1"]

{[%evp 10,75,19,14,19,0,0,0,0,6,18,19,6,10,11,4,15,4,14,4,10,0,0,0,18,11,35,11,18,9,13,23,89,85,87,71,133,140,128,129,128,124,121,142,233,224,225,227,228,226,227,224,224,232,253,237,449,456,448,448,424,363,383,301,1048,1008,935,878]} 1. c4 Nf6 2. Nc3 e6 3. e4 d5 4. cxd5 exd5 5. e5 Ne4 6. Nf3 Bf5 {A18: English Opening: Flohr-Mikenas System (1 c4 Nf6 2 Nc3 e6 3 e4)} 7. d3 Nxc3 8. bxc3 c5 {The position is equal.} 9. d4 Nc6 10. Bd3 Bxd3 11. Qxd3 cxd4 12. cxd4 $146 ({Predecessor:} 12. Nxd4 Nxd4 13. cxd4 Bb4+ 14. Ke2 {½-½ (37) Aronian,L (2767)-Khademalsharieh,S (2468) Caleta 2019}) 12... Bb4+ 13. Bd2 Bxd2+ 14. Qxd2 Qa5 15. Qxa5 Nxa5 16. Rb1 a6 17. Ke2 $36 {[%mdl 2048] White has some pressure.} Rc8 18. Kd3 Ke7 19. Nd2 Rc6 20. Rhc1 Rhc8 (20... b5 $11) 21. Rxc6 $16 Rxc6 {[%mdl 4096] Endgame KRN-KRN} 22. Nf1 $1 b5 (22... Rc7 $142) 23. Ne3 Ke6 24. f4 f5 25. exf6 $1 gxf6 26. Re1 $1 {Nc4+ is the strong threat.} Kd6 (26... Kd7 $16) 27. Nf5+ $18 Kd7 28. Re7+ {[%mdl 64] Double Attack} Kd8 29. Rxh7 b4 30. g4 $1 Rc3+ {[#]} 31. Ke2 $1 Rc2+ {[#]} 32. Kf3 $1 {And now g5 would win.} Nc4 $2 (32... Rc3+ 33. Kg2 Rc2+ 34. Kh3 Rc3+ 35. Ng3 Ke8) 33. g5 Nd2+ 34. Kg4 fxg5 35. fxg5 Ne4 36. g6 Rxa2 $2 (36... Rg2+ 37. Ng3 Nf6+ 38. Kh3 Rxa2) 37. g7 {[%cal Rg7g8]} Nf6+ 38. Kg5 {Accuracy: White = 86%, Black = 48%.} 1-0

[Event "CCCSA Spring GM Invitational 2019"]
[Site "Charlotte"]
[Date "2019.03.23"]
[Round "5"]
[White "Korley, Kassa"]
[Black "Rohan, Ahuja"]
[Result "1/2-1/2"]
[WhiteElo "2437"]
[BlackElo "2380"]
[Annotator "TA"]
[PlyCount "93"]
[EventDate "2019.03.20"]
[EventType "tourn"]
[EventCountry "USA"]
[SourceTitle "playchess.com"]
[Source "ChessBase"]
[SourceQuality "1"]

{[%evp 14,93,22,4,0,-27,-32,-25,-29,-50,-27,-54,-24,-56,-32,-27,-31,-26,-26,-33,-10,-42,-20,-30,-34,-20,-26,-35,-20,-39,0,-13,0,0,0,0,0,-17,0,0,0,0,0,0,0,0,0,0,0,0,0,0,4,0,0,0,0,0,0,0,0,0,0,0,0,0,0,0,0,0,0,0,0,0,0,0,0,0,0,0,0,0]} 1. d4 Nf6 2. c4 g6 3. Nc3 d5 4. Bg5 Ne4 5. Bh4 Nxc3 6. bxc3 dxc4 7. e3 Be6 8. Rb1 c5 {D80: Grünfeld: Unusual White 4th moves and 4 Bg5} (8... b6 9. Nh3 Bh6 10. Ng5 Bd5 11. Qc2 Qd7 12. e4 Bxg5 13. Bxg5 Qg4 14. exd5 Qxg5 15. Qe4 Nd7 16. Bxc4 {0-1 (35) Mamedyarov,S (2753)-Nepomniachtchi,I (2717) Khanty-Mansiysk 2013}) 9. Rxb7 Bd5 $146 ({Predecessor:} 9... Qa5 10. Qd2 Bd5 11. Rb1 Nd7 12. Nf3 Bg7 13. Be2 cxd4 14. exd4 Nc5 15. Rb4 Na6 16. Qe3 {0-1 (32) Barwinski,D (2049)-Faron,R (2062) Jastrzebia Gora 2016}) 10. Rb5 Nd7 {Black has an edge.} 11. Nf3 a6 12. Rb1 Qa5 13. Qd2 Bg7 14. Be2 Nf6 15. Bxf6 Bxf6 16. O-O cxd4 17. cxd4 c3 18. Qd3 O-O ({Not} 18... Qxa2 $2 19. Ra1 $18) 19. Rfc1 Rfc8 ({But not} 19... Bxa2 $6 20. Ra1 $16) 20. Rc2 Bc4 21. Qd1 $1 Bd5 22. Rbc1 {The position is equal.} Be4 23. Bd3 Bxf3 24. Qxf3 Rab8 25. g3 Kg7 26. Qe2 Rb6 27. Bc4 e5 28. Rxc3 exd4 29. exd4 Bxd4 30. Rf3 Rc7 31. Rd1 Qc5 32. Bb3 Re7 33. Qd2 Rf6 34. Rxf6 Bxf6 35. Qd3 a5 36. Qf3 Qc3 37. Qd5 h5 38. h4 Qb4 39. a4 Rb7 40. Rd3 Re7 41. Kg2 (41. Rd1 {is interesting.}) 41... Qb7 42. Bc4 Qxd5+ 43. Rxd5 Bc3 44. f4 Rc7 45. Bd3 f5 46. Bb5 Bb4 47. Rd7+ {Accuracy: White = 65%, Black = 81%.} 1/2-1/2

[Event "CCCSA Spring GM Invitational 2019"]
[Site "Charlotte"]
[Date "2019.03.22"]
[Round "5"]
[White "Gauri, Shankar"]
[Black "Yoo, Christopher Woojin"]
[Result "1/2-1/2"]
[WhiteElo "2378"]
[BlackElo "2426"]
[Annotator "TA"]
[PlyCount "89"]
[EventDate "2019.03.20"]
[EventType "tourn"]
[EventCountry "USA"]
[SourceTitle "playchess.com"]
[Source "ChessBase"]
[SourceQuality "1"]

{[%evp 14,89,25,0,8,8,0,20,50,35,37,46,46,36,42,30,60,30,40,39,50,20,65,22,22,35,26,39,40,40,42,37,45,24,37,30,32,10,19,-16,0,0,0,0,0,0,0,0,0,-20,-24,-30,0,0,0,0,0,0,0,0,0,0,0,0,0,0,0,0,0,0,0,0,0,0,0,0,0,0]} 1. Nf3 Nf6 2. c4 g6 3. Nc3 Bg7 4. g3 d5 5. cxd5 Nxd5 6. Bg2 Nb6 7. h4 {A16: English Opening: 1...Nf6 with ...d5} (7. d3 c6 8. O-O O-O 9. Qc2 Na6 10. b3 Re8 11. Bb2 e5 12. a3 Qe7 13. Rac1 h6 14. b4 Nc7 15. Rb1 Bf5 16. Ne4 Rad8 {0-1 (66) Alekseev,E (2700)-Nepomniachtchi,I (2695) Havana 2010}) 7... h6 8. d3 {LiveBook: 5 Games} e5 9. Be3 Nc6 10. Bc5 Bf8 $146 ({Predecessor:} 10... Be6 11. Nd2 Qd7 12. Ba3 Nd5 13. Nde4 b6 14. Nxd5 Bxd5 {½-½ (43) Rajkovic,D-Cvetkovic,S Porec 1974}) 11. Bxf8 Kxf8 12. Rc1 Kg7 13. Ne4 Qe7 14. O-O Nd7 15. Qa4 f5 16. Ned2 Nf6 17. Nb3 Rd8 18. Rfd1 e4 19. dxe4 Rxd1+ 20. Rxd1 {Threatens to win with exf5.} fxe4 21. Nfd4 Nxd4 22. Qxd4 Bf5 23. Na5 c5 24. Qd2 Be6 25. b3 Re8 26. Qd6 Qxd6 27. Rxd6 Bd5 28. Nc4 Bxc4 29. bxc4 $11 {[%mdl 4096] Endgame KRB-KRN} g5 30. hxg5 hxg5 {[%cal Bh6g5,Bg5g4][%mdl 32]} 31. f3 exf3 32. Bxf3 g4 33. Bxb7 {The position is equal.} Rxe2 34. a4 Re1+ 35. Kf2 Rb1 36. Bd5 Rd1 {[#] And now ...Rxd5! would win.} 37. Ra6 (37. Ke3 {seems wilder.} Rf1 38. Ra6 Nxd5+ 39. cxd5 Rf3+ 40. Ke4) 37... Nxd5 38. cxd5 Rxd5 39. Rxa7+ {KR-KR} Kf6 40. Ke3 c4 41. Rc7 Rd3+ 42. Kf4 Rd4+ 43. Ke3 Rd3+ 44. Kf4 Rd4+ 45. Ke3 {Precision: White = 41%, Black = 57%.} 1/2-1/2

[Event "CCCSA Spring GM Invitational 2019"]
[Site "Charlotte"]
[Date "2019.03.23"]
[Round "5"]
[White "Banik, Siddharth"]
[Black "Stremavicius, Titas"]
[Result "1/2-1/2"]
[WhiteElo "2341"]
[BlackElo "2472"]
[Annotator "TA"]
[PlyCount "44"]
[EventDate "2019.03.20"]
[EventType "tourn"]
[EventCountry "USA"]
[SourceTitle "playchess.com"]
[Source "ChessBase"]
[SourceQuality "1"]

{[%evp 16,44,24,27,40,32,53,52,44,29,54,32,45,26,37,13,96,93,89,94,79,86,104,89,143,119,103,78,98,52,79]} 1. e4 c5 2. Nf3 Nc6 3. d4 cxd4 4. Nxd4 Nf6 5. Nc3 d6 6. Bg5 e6 7. Qd2 Qb6 8. Bxf6 gxf6 9. Nb3 a6 {B60: Sicilian: Richter-Rauzer: Unusual Black 6th moves and 6...Bd7 without 7 Qd2} 10. f4 Qc7 11. Be2 h5 12. O-O-O b5 13. Bf3 Ne5 14. Kb1 $146 ({Don't play} 14. fxe5 Bh6 $17) ({Predecessor:} 14. Ne2 Nxf3 15. gxf3 a5 16. Kb1 b4 17. f5 {0-1 (26) Yemelin,V (2500)-Sakaev,K (2648) St Petersburg 1999}) 14... Nxf3 15. gxf3 Bb7 (15... b4 $11 {remains equal.} 16. Ne2 a5) 16. f5 $16 O-O-O 17. fxe6 fxe6 18. Nd4 Bh6 19. Qg2 Qf7 (19... Rhe8 $142) 20. Qh3 Rhe8 21. a3 Kb8 22. Rd3 Bf4 {Accuracy: White = 61%, Black = 41%.} 1/2-1/2

[Event "CCCSA Spring GM Invitational 2019"]
[Site "Charlotte"]
[Date "2019.03.23"]
[Round "5"]
[White "Ezra Paul Chambers"]
[Black "Francisco, Richard"]
[Result "0-1"]
[WhiteElo "2334"]
[BlackElo "2231"]
[Annotator "TA"]
[PlyCount "142"]
[EventDate "2019.03.20"]
[EventType "tourn"]
[EventCountry "USA"]
[SourceTitle "playchess.com"]
[Source "ChessBase"]
[SourceQuality "1"]

{[%evp 27,142,58,57,56,60,46,63,47,71,67,79,0,7,0,0,0,70,73,73,70,83,54,42,53,67,42,93,62,72,13,16,16,25,23,38,29,32,0,0,0,37,20,43,0,41,40,35,-36,-31,-19,0,0,9,8,39,4,4,0,4,0,76,72,71,20,73,17,15,20,30,8,8,8,10,0,0,-43,-12,-12,-13,-91,-66,-102,-18,-145,-129,-481,-473,-497,-485,-482,-478,-478,-419,-1195,-264,-212,0,-1195,-1194,-1170,-999,-1280,-1090,-1732,-1491,-1459,-1346,-1472,-1129,-1126,-1070,-29971,-29971,-29970,-5908,-5102,-3529]} 1. e4 c5 2. Nf3 Nc6 3. d4 cxd4 4. Nxd4 g6 5. c4 Bg7 6. Be3 Nf6 7. Nc3 O-O 8. Be2 b6 9. O-O Bb7 10. f3 Qb8 11. Qd2 Rd8 12. Rad1 {B38: Sicilian: Maroczy Bind with 5...Bg7 and 7...0-0} (12. Rfd1 e6 13. Nxc6 dxc6 14. Qxd8+ Qxd8 15. Rxd8+ Rxd8 16. a4 Nd7 17. a5 Rb8 18. Rd1 Bc8 19. axb6 axb6 20. Na4 {1-0 (44) Fridman,D (2668)-McShane,L (2713) Wolvega 2012}) 12... d6 13. Rfe1 Rd7 14. Bf1 Qf8 {LiveBook: 3 Games} 15. b3 Rad8 16. g3 $146 ({Predecessor:} 16. Nc2 e6 17. Bg5 h6 18. Bh4 g5 19. Bf2 Nh5 {1-0 (66) Socko,M (2473)-Lind,J (2206) Warsaw 2007}) 16... e6 17. Qf2 Ne5 18. Bh3 Re7 19. Na4 (19. Qe2 $16) 19... d5 $11 20. exd5 exd5 21. c5 $1 Ba6 (21... Rde8 $11) 22. cxb6 $14 axb6 ({Don't blunder} 22... Nd3 $2 23. Rxd3 $1 {[%mdl 512]} Bxd3 24. Nc6 $18) 23. Bf1 Bxf1 24. Kxf1 (24. Rxf1 $2 Nfg4 $1 $17 {[%mdl 512]}) (24. Qxf1 {with more complications.} Rde8 25. Kg2 Nc4 26. Bf2 Ne3+ 27. Bxe3 Rxe3 28. Rxe3 Rxe3 29. Nxb6 Qc5 30. Qf2) 24... b5 25. Nc3 ({But not} 25. Nxb5 Qe8 $17) 25... b4 26. Na4 Rde8 (26... Rc8 $14) 27. Qd2 Rc7 28. Rc1 ({White should play} 28. Kg2 $16) 28... Rxc1 $11 29. Rxc1 Qe7 30. Bf2 Qd7 {Threatens to win with ...Qh3+.} 31. Kg2 Bf8 32. Nc5 Qa7 33. Na4 Qa8 34. Rc7 Bd6 35. Rc1 h5 36. h3 Bf8 37. g4 (37. Rc2 $14) 37... hxg4 $15 38. hxg4 Qb7 39. Bh4 Bg7 (39... Ne4 {feels hotter.} 40. Qe3 Qd7 41. Nb6 Qd6 42. Nb5 Nxg4 43. fxg4 Qe6) 40. Re1 Ned7 41. Rxe8+ (41. Nc2 {is more complex.} Bf8 42. Bg3 Rc8 43. Nd4 Qa6 44. Bf2) 41... Nxe8 42. Nc2 Bf8 43. Be1 {[%cal Rc2b4]} Ne5 (43... Nc7 $11) 44. Qe2 $16 f6 45. Nd4 (45. Bg3 $16) 45... Nc7 (45... Ng7 $11) 46. f4 (46. Bg3 $16) 46... Nc6 $11 47. Ne6 d4 {And now ...Nd8+ would win.} 48. Nxf8 Kxf8 49. Nc5 Qa8 50. Kg3 Qe8 $1 {[%cal Re8e2]} 51. Qd2 Qe7 52. Nd3 {[%cal Rd3b4]} Nd5 $36 {[%mdl 2048] White is under pressure.} 53. Bf2 (53. Qg2 $1 $11 {remains equal.} Qe6 54. Bf2) 53... Nc3 54. Kh2 Qe4 (54... Qh7+ $17 55. Kg2 Qe7) 55. Bh4 (55. Nc5 $1 $11 Qe2 56. Qxe2 Nxe2 57. Kg2) 55... Kf7 $17 56. Bf2 $2 {[%mdl 8192]} (56. Bg3 $17) 56... Qf3 $19 57. g5 Ne4 58. Qc2 Nxf2 59. Nxf2 Qxf4+ {[%mdl 64] Double Attack} 60. Kh3 (60. Kh1 $142 Qh4+ 61. Kg1 Qxg5+ 62. Kf1) 60... Qf3+ $2 (60... Qf5+ 61. Qxf5 gxf5) 61. Kh2 Qf4+ $2 (61... f5 62. Qc4+ Ke7) 62. Kh3 $1 Qf5+ 63. Qxf5 gxf5 64. gxf6 {[%mdl 4096] Endgame KN-KN} Ne5 65. Kg3 Kxf6 66. Kf4 Ke6 67. Kg5 Nf3+ 68. Kf4 {[#]} Ne1 $1 69. Nd1 Nd3+ 70. Kf3 Ke5 71. Ke2 Ke4 {Accuracy: White = 35%, Black = 47%.} 0-1